| 000 | 00711nam a2200253Ia 4500 | ||
|---|---|---|---|
| 003 | OSt | ||
| 005 | 20220918184829.0 | ||
| 006 | a|||||r|||| 00| 0 | ||
| 007 | ta | ||
| 008 | 220917b |||||||| |||| 00| 0 eng d | ||
| 024 | _a48,263 | ||
| 037 | _cTextual | ||
| 040 |
_aARTS _cARTS _beng |
||
| 041 |
_2eng _aeng |
||
| 082 | _aP:3xN28:g, M1-;1-;2 | ||
| 100 | _aRadford Andrew | ||
| 245 | 0 |
_aTransformational syntax _b a student's guide to Chomsky's extended standard theory |
|
| 260 |
_aCambridge _bCUP _c1981 |
||
| 300 |
_aix,402p. _ccm. |
||
| 500 | _aBib 397-99p | ||
| 650 | _aLINGUISTICS | ||
| 942 |
_hP:3xN28:g, M1-;1-;2 _cTEXL _2CC |
||
| 999 |
_c177933 _d177933 |
||